| 000 | 00000nam##2200000za#4500 |
| 001 | 9.644359 |
| 003 | CaOODSP |
| 005 | 20250611103613 |
| 007 | cr ||||||||||| |
| 008 | 150407|1994||||xxc|||||o f|0| 0 fre|d |
| 040 | |aCaOODSP|bfre |
| 043 | |an-cn--- |
| 086 | 1 |aA53-1903/1994F-PDF |
| 110 | 1 |aCanada. |bAgriculture et agroalimentaire Canada. |
| 245 | 10|aRudiments de l'amélioration génétique des ovins / |h[ressource électronique]|c[par] M.H. Fahmy. |
| 260 | |aOttawa - Ontario : |bAgriculture et Agroalimentaire Canada |c1994. |
| 300 | |a40p.|bfigures, tableaux |
| 500 | |aPublication historique numérisée par Agriculture et Agroalimentaire Canada. |
| 590 | |a15-05-Supp|b2015-03-31 |
| 691 | 07|aÉlevage|2gcpds |
| 720 | 1 |aFahmy, M. H. |
| 775 | 08|tSimplified principles for breeding sheep / |w(CaOODSP)9.700475 |
| 776 | 0#|tRudiments de l'amélioration génétique des ovins / |w(CaOODSP)9.679192 |
| 856 | 40|ahttp://publications.gc.ca|qPDF|s2102 Ko|uhttps://publications.gc.ca/collections/collection_2015/aac-aafc/A53-1903-1994-fra.pdf |
| 986 | |aPublication 1903F |